000 00445nam a2200157 i 4500
001 142866
003 ES-MaACL
005 20230906200638.0
007 t|
008 071010s1967 sp ||||1| cat d
100 1 _aVidal i Llecha, Josep.
_9114490
245 1 0 _aBlanquerna
_b: novel.la /
_cJosep Vidal i Llecha.
260 _a[Girona :
_bs.n.],
_c1967 (
_fImp. D. C. P.)
300 _a394 p. ;
_c22 cm.
852 _aES-MaACL
_jC-32299
_bR.62853
999 _c142866
_d142866